Statistics for Delhi Airport (DEL) International Destinations

Click here to take the quiz!

General Stats

  • This quiz has been taken 58 times
  • The average score is 53 of 64

Answer Stats

Country Airlines Destinations % Correct
UAEAir India Express, Etihad, GoAir, IndiGoAbu Dhabi
100%
Hong KongAir India, Cathay Pacific, SpiceJetHong Kong
98%
UAEAir India, Air India Express, Emirates, Flydubai, IndiGo, SpiceJetDubai
98%
ThailandAir India, GoAir, SpiceJet, Thai AirwaysBangkok Suvarnabhumi
96%
EthiopiaEthiopian AirlinesAddis Ababa
96%
ChinaAir ChinaBeijing
96%
UKAir India, British Airways, Virgin AtlanticLondon-Heathrow
96%
ThailandNokScootBangkok Don Mueang
96%
NetherlandsKLMAmsterdam
96%
IraqIraqi AirwaysBaghdad
96%
JapanAir India, ANA, Japan AirlinesTokyo-Narita
94%
AustraliaAir IndiaSydney
94%
South KoreaKoreanAirSeoul
94%
FranceAir France, Air IndiaParis
94%
RussiaAeroflotMoscow-Sheremetyevo
94%
ItalyAir IndiaMilan-Malpensa
94%
SingaporeAir India, Singapore AirlinesSingapore
92%
ItalyAir India, AlitaliaRome
92%
Saudi ArabiaAir India, Flynas, SaudiaRiyadh
92%
USAAir IndiaNew York JFK
92%
SpainAir IndiaMadrid
92%
AustraliaAir IndiaMelbourne
92%
FinlandFinnairHelsinki
92%
QatarIndiGo, Qatar AirwaysDoha
92%
GermanyAir India, LufthansaFrankfurt
92%
DenmarkAir IndiaCopenhagen
92%
ChinaAir India, China EasternShanghai
90%
OmanAir India, OmanAirMuscat
90%
GermanyLufthansaMunich
90%
IranMahan AirTehran
90%
MalaysiaAir Asia X, Batik Air Malaysia, IndiGo, Malaysia AirlinesKuala Lumpur
88%
SwedenAir IndiaStockholm
88%
TurkeyIndiGo, Turkish AirlinesIstanbul
88%
JapanAir IndiaOsaka ( with stopover in HKG)
88%
BangladeshBiman Bangladesh AirlinesDhaka
88%
AustriaAir IndiaVienna
88%
Sri LankaAir India, Sri Lankan AirlinesColombo
86%
TaiwanChina AirlinesTaipei
86%
USAAir IndiaChicago
86%
SwitzerlandSwissAirZurich
86%
Saudi ArabiaAir India, IndiGo, SaudiaJeddah
86%
NepalAir India, Bhutan Airlines, DrukAir, IndiGo, Nepal AirlinesKathmandu
86%
UkraineUkraine International AirlinesKiev
86%
KuwaitJazeera Airways, Kuwait AirwaysKuwait City
86%
AzerbaijanAzerbaijan AirlinesBaku
84%
IsraelAir IndiaTel Aviv
84%
ChinaChina SouthernGuangzhou
82%
USAAir IndiaSan Francisco
78%
BahrainAir India, Gulf AirBahrain
78%
ThailandGoAir, IndiGoPhuket
78%
USAAir IndiaWashington
78%
CanadaAir CanadaVancouver
76%
U.KAir IndiaBirmingham
73%
KazakhstanAir AstanaAlmaty
73%
PakistanPakistan International AirlinesLahore
69%
MauritiusAir MauritiusMauritius
69%
USAAir IndiaNewark (with stopover in BOM )
61%
BhutanBhutan Airlines, DrukAirParo
57%
UAEAir ArabiaSharjah
55%
Saudi ArabiaAir IndiaDammam
53%
ChinaShandong AirlinesKunming
45%
ChinaShandong AirlinesQingdao (with stopover in KMG)
41%
ChinaShandong AirlinesJinan ( with stopover in KMG )
33%
IraqIraqi AirwaysBasrah
18%

Score Distribution

Percentile by Number Answered

Percent of People with Each Score

Your Score History

You have not taken this quiz